Antología de la historia de Yucatán, épocas: prehispánica: Obispo D. Crescencio Carrillo y Ancona y Mr. Sylvanus G. Morley. Conquista: Lic. D. Eligio Ancona. Colonial: Lic. D. Juan Francisco Molina Solís / prologada por el culto escritor Lic. D. José Esquivel Pren ; epilogada con breves semblanzas de los personajes de esa historia, que dejaron huella en la cultura yucateca, por el Lic. D. Gonzalo Cámara Zavala

Detalles Bibliográficos
Autor Corporativo: Liga de la Acción Social, ed
Otros Autores: Esquivel Pren, José, 1897-1982, prol, Cámara Zavala, Gonzálo, epil, Carrillo y Ancona, Crescencio, ob. de Yucatán, 1837-1897, Ancona Castillo, Eligio Jesús, 1835-1893, Molina Solís, Juan Francisco, 1850-1932
Formato: Libro
Lenguaje:Spanish
Publicado: México : editorial Cultura, T. G., S. A., 1951.
Serie editorial:Ediciones de la Liga de la Acción Social
Materias:
Colección:Banco de datos
Acervo:Colección Seminario de Yucatán del Instituto Francisco de Toral. Conkal. Yucatán
Descripción Física:XLVII, 334 p. ; 25 cm.
Tema general:Yucatán (México) - Historia civil
Notas:Encuadernación editorial. Libro intonso. Sello en tinta de la Biblioteca Seminario Conciliar de Yucatán
LEADER 01439nam a22002530004500
035 |a 723 
041 0 |a spa 
245 1 0 |a Antología de la historia de Yucatán, épocas: prehispánica: Obispo D. Crescencio Carrillo y Ancona y Mr. Sylvanus G. Morley. Conquista: Lic. D. Eligio Ancona. Colonial: Lic. D. Juan Francisco Molina Solís / prologada por el culto escritor Lic. D. José Esquivel Pren ; epilogada con breves semblanzas de los personajes de esa historia, que dejaron huella en la cultura yucateca, por el Lic. D. Gonzalo Cámara Zavala 
260 |a México : editorial Cultura, T. G., S. A., 1951.  
300 |a XLVII, 334 p. ; 25 cm. 
440 0 |a Ediciones de la Liga de la Acción Social 
500 |a Encuadernación editorial. Libro intonso. Sello en tinta de la Biblioteca Seminario Conciliar de Yucatán 
504 |a Incluye índice de contenido 
650 1 0 |a Yucatán (México) - Historia civil 
700 1 |a Esquivel Pren, José, 1897-1982, prol. 
700 1 |a Cámara Zavala, Gonzálo, epil. 
700 1 |a Carrillo y Ancona, Crescencio, ob. de Yucatán, 1837-1897 
700 1 |a Ancona Castillo, Eligio Jesús, 1835-1893 
700 1 |a Molina Solís, Juan Francisco, 1850-1932 
710 1 |a Liga de la Acción Social, ed.  
949 |a Colección Seminario de Yucatán: 1171 
942 |c CONKALSEM 
943 |g Colección Seminario de Yucatán del Instituto Francisco de Toral. Conkal. Yucatán 
999 |c 1091926  |d 1091926